000 00411nam a22001697a 4500
003 MPLRDC
005 20220104125259.0
008 210129b ||||| |||| 00| 0 eng d
082 _a857.9 SML-24 v.2
100 _a司马翎
245 _a饮马黄河. 二
_c
260 _a
_b武功出版社
_c
300 _b
490 _a司马翎小说专辑
650 _a武侠小说
942 _cBK
_o857.9 SML-24 v.2
999 _c26100
_d26090